04816nam a2200649Ia 4500008004100000020001800041082001700059100001400076245003200090250000600122260003300128300001400161500002500175650001400200942000700214952009700221952009700318952009700415952009700512952009700609952009700706952009700803952009700900952009700997952009701094952009701191952009701288952009701385952009701482952012101579952009701700952009701797952009701894952009701991952009702088952009702185952009702282952009702379952009702476952009702573952009702670952009702767952009702864952009702961952009703058952009703155952009703252952009703349952009703446952009703543952009703640952009703737952009703834952009703931952012104028999001704149230524s9999    xx            000 0 und d  a9788177000658  a658.568bMAH  aM.Mahajan 0aStatistical Quality Control  a1  aNew DelhibDhanapt Raic2014  a"1,544p;"  aQuantity Number:  40  aMechanics  cBK  00104070aTATCLbTATCLcGENd2023-05-24l0o658.568 MAHp51784r2023-05-24w2023-05-24yBK  00104070aTATCLbTATCLcGENd2023-05-24l0o658.568 MAHp51785r2023-05-24w2023-05-24yBK  00104070aTATCLbTATCLcGENd2023-05-24l0o658.568 MAHp51786r2023-05-24w2023-05-24yBK  00104070aTATCLbTATCLcGENd2023-05-24l0o658.568 MAHp51787r2023-05-24w2023-05-24yBK  00104070aTATCLbTATCLcGENd2023-05-24l0o658.568 MAHp51788r2023-05-24w2023-05-24yBK  00104070aTATCLbTATCLcGENd2023-05-24l0o658.568 MAHp51789r2023-05-24w2023-05-24yBK  00104070aTATCLbTATCLcGENd2023-05-24l0o658.568 MAHp51790r2023-05-24w2023-05-24yBK  00104070aTATCLbTATCLcGENd2023-05-24l0o658.568 MAHp51791r2023-05-24w2023-05-24yBK  00104070aTATCLbTATCLcGENd2023-05-24l0o658.568 MAHp51792r2023-05-24w2023-05-24yBK  00104070aTATCLbTATCLcGENd2023-05-24l0o658.568 MAHp51793r2023-05-24w2023-05-24yBK  00104070aTATCLbTATCLcGENd2023-05-24l0o658.568 MAHp51794r2023-05-24w2023-05-24yBK  00104070aTATCLbTATCLcGENd2023-05-24l0o658.568 MAHp51795r2023-05-24w2023-05-24yBK  00104070aTATCLbTATCLcGENd2023-05-24l0o658.568 MAHp51796r2023-05-24w2023-05-24yBK  00104070aTATCLbTATCLcGENd2023-05-24l0o658.568 MAHp51797r2023-05-24w2023-05-24yBK  00104070aTATCLbTATCLcGENd2023-05-24l1o658.568 MAHp51798q2017-10-05r2024-01-25s2024-01-25w2023-05-24yBK  00104070aTATCLbTATCLcGENd2023-05-24l0o658.568 MAHp51799r2023-05-24w2023-05-24yBK  00104070aTATCLbTATCLcGENd2023-05-24l0o658.568 MAHp51800r2023-05-24w2023-05-24yBK  00104070aTATCLbTATCLcGENd2023-05-24l0o658.568 MAHp51801r2023-05-24w2023-05-24yBK  00104070aTATCLbTATCLcGENd2023-05-24l0o658.568 MAHp51802r2023-05-24w2023-05-24yBK  00104070aTATCLbTATCLcGENd2023-05-24l0o658.568 MAHp51803r2023-05-24w2023-05-24yBK  00104070aTATCLbTATCLcGENd2023-05-24l0o658.568 MAHp51804r2023-05-24w2023-05-24yBK  00104070aTATCLbTATCLcGENd2023-05-24l0o658.568 MAHp51805r2023-05-24w2023-05-24yBK  00104070aTATCLbTATCLcGENd2023-05-24l0o658.568 MAHp51806r2023-05-24w2023-05-24yBK  00104070aTATCLbTATCLcGENd2023-05-24l0o658.568 MAHp51807r2023-05-24w2023-05-24yBK  00104070aTATCLbTATCLcGENd2023-05-24l0o658.568 MAHp51808r2023-05-24w2023-05-24yBK  00104070aTATCLbTATCLcGENd2023-05-24l0o658.568 MAHp51809r2023-05-24w2023-05-24yBK  00104070aTATCLbTATCLcGENd2023-05-24l0o658.568 MAHp51810r2023-05-24w2023-05-24yBK  00104070aTATCLbTATCLcGENd2023-05-24l0o658.568 MAHp51811r2023-05-24w2023-05-24yBK  00104070aTATCLbTATCLcGENd2023-05-24l0o658.568 MAHp51812r2023-05-24w2023-05-24yBK  00104070aTATCLbTATCLcGENd2023-05-24l0o658.568 MAHp51813r2023-05-24w2023-05-24yBK  00104070aTATCLbTATCLcGENd2023-05-24l0o658.568 MAHp51814r2023-05-24w2023-05-24yBK  00104070aTATCLbTATCLcGENd2023-05-24l0o658.568 MAHp51815r2023-05-24w2023-05-24yBK  00104070aTATCLbTATCLcGENd2023-05-24l0o658.568 MAHp51816r2023-05-24w2023-05-24yBK  00104070aTATCLbTATCLcGENd2023-05-24l0o658.568 MAHp51817r2023-05-24w2023-05-24yBK  00104070aTATCLbTATCLcGENd2023-05-24l0o658.568 MAHp51818r2023-05-24w2023-05-24yBK  00104070aTATCLbTATCLcGENd2023-05-24l0o658.568 MAHp51819r2023-05-24w2023-05-24yBK  00104070aTATCLbTATCLcGENd2023-05-24l0o658.568 MAHp51820r2023-05-24w2023-05-24yBK  00104070aTATCLbTATCLcGENd2023-05-24l0o658.568 MAHp51821r2023-05-24w2023-05-24yBK  00104070aTATCLbTATCLcGENd2023-05-24l0o658.568 MAHp51822r2023-05-24w2023-05-24yBK  00104070aTATCLbTATCLcGENd2023-05-24l1o658.568 MAHp51823q2026-10-07r2026-03-11s2026-03-11w2023-05-24yBK  c54680d54680